Statistics for Numbers = A Letter

Click here to take the quiz!

General Stats

  • This quiz has been taken 34 times
  • The average score is 25 of 26

Answer Stats

Answer% Correct
A
100%
G
100%
B
96%
C
96%
D
96%
E
96%
F
96%
H
96%
I
96%
J
96%
K
96%
L
96%
M
96%
N
96%
O
96%
P
96%
Q
93%
R
93%
S
93%
T
93%
U
93%
V
93%
W
93%
X
93%
Y
93%
Z
93%

Score Distribution

Percentile by Number Answered

Percent of People with Each Score

Your Score History

You have not taken this quiz